000 01528nam a2200301Ia 4500
999 _c34548
_d34548
001 305
003 GE_BSU
005 20191114121328.0
008 181216s2008||||ge |||||||||||||| ||geo||
020 _a9994090674
040 _cGE_BSU
041 _ageo
080 _a395+005.92+005.575+316.772+92 ე-87
245 _aეტიკეტი და კორესპონდენცია /
_cლარისა დოლიკაშვილი, ლია დანელიშვილი, გურამ ჯოლია, ხათუნა შტააძე ; [რედ. მარინა მესხიშვილი].
264 _aთბილისი :
_bლეგა,
_c2008.
300 _a416 გვ.
_b20სმ..
504 _aბიბლიოგრ.: გვ. 414-415.
653 _aეტიკეტი
653 _aსაქმიანი მიმოწერა
653 _aსაქმიანი ურთიერთობები
653 _aსაქმიანი ქაღალდების შედგენა
700 _a დოლიკაშვილი, ლარისა
_eავტორი
_95335
700 _aდანელიშვილი, ლია
_eავტორი
_95336
700 _a ჯოლია, გურამ
_eავტორი
_95337
700 _a შტააძე, ხათუნა
_eავტორი
_95338
700 _aმესხიშვილი, მარინა
_eრედაქტორი
_95339
942 _cBK
_2udc